[Event "XVIII MIEDZYNARODOWY FESTIWAL SZACHOWY PERLA BALTYKU - GRUPA A (FIDE min. 1700)"]
[Site "LAZY"]
[Date "1899-12-30"]
[Round "8.3"]
[White "Mielczarski, Miroslaw"]
[Black "Krainski, Aleksander"]
[Result "1-0"]
[WhiteTitle "k"]
[BlackTitle "FM"]
[WhiteElo "2115"]
[BlackElo "2053"]

1. d4 d5 2. c4 e6 3. Nc3 Nf6 4. Nf3 Nbd7 5. e3 Be7 6. c5 O-O 7. b4 c6 8. Bb2 Ne4
9. Nxe4 dxe4 10. Nd2 f5 11. Bc4 Nf6 12. O-O Bd7 13. f3 Nd5 14. Qb3 exf3 15. Nxf3
Be8 16. Rae1 b5 17. cxb6 Qxb6 18. a3 a5 19. e4 fxe4 20. Rxe4 Bd7 21. b5 a4 22.
Qa2 Rad8 23. bxc6 Bxc6 24. Rxe6 Qb7 25. Ne5 Rxf1+ 26. Bxf1 Be8 27. Ba6 Qb3 28.
Qxb3 axb3 29. Bc4 Kf8 30. Nc6 Bxc6 31. Rxc6 Ne3 32. Bxb3 Bf6 33. Bc3 Nf5 34. d5
Rb8 35. Bb4+ Ke8 36. Rc7 Kd8 37. Rf7 Rc8 38. Rf8+ Kc7 39. d6+ Kb8 40. Rxc8+ 1-0

[Event "XVIII MIEDZYNARODOWY FESTIWAL SZACHOWY PERLA BALTYKU - GRUPA A (FIDE min. 1700)"]
[Site "LAZY"]
[Date "1899-12-30"]
[Round "8.4"]
[White "Mulet, Piotr"]
[Black "Kietrys, Maciej"]
[Result "1/2-1/2"]
[WhiteTitle "FM"]
[BlackTitle "I"]
[WhiteElo "2111"]
[BlackElo "1833"]

1. e4 e5 2. Nc3 Nf6 3. f4 d5 4. fxe5 Nxe4 5. Nf3 Bg4 6. Qe2 Nxc3 7. dxc3 Nc6 8.
Bf4 Qd7 9. O-O-O O-O-O 10. Qe3 Kb8 11. h3 Bxf3 12. Qxf3 Qe6 13. Qg3 Ne7 14. c4
d4 15. c3 Nc6 16. cxd4 Nxd4 17. Bd3 g6 18. Bg5 Be7 19. Bd2 f6 20. exf6 Bxf6 21.
Rhe1 Qb6 22. Bc3 Rhf8 23. Kb1 a6 24. Rf1 Nf5 25. Bxf5 Rxd1+ 26. Rxd1 Bxc3 27.
Qxc3 Rxf5 28. a3 Ka7 29. Rd2 Rf4 30. Ka2 Re4 1/2-1/2

[Event "XVIII MIEDZYNARODOWY FESTIWAL SZACHOWY PERLA BALTYKU - GRUPA A (FIDE min. 1700)"]
[Site "LAZY"]
[Date "1899-12-30"]
[Round "8.5"]
[White "Slawinski, Miroslaw"]
[Black "Kaliszuk, Kamil"]
[Result "1/2-1/2"]
[WhiteTitle "k"]
[BlackTitle "k"]
[WhiteElo "2025"]
[BlackElo "2088"]

1. d4 d5 2. Nf3 Nf6 3. Bf4 e6 4. e3 c5 5. Nbd2 Bd6 6. Ne5 Qc7 7. Bg3 O-O 8. c3
Nfd7 9. f4 f6 10. Nxd7 Nxd7 11. Nf3 c4 12. Bh4 b5 13. a3 a5 14. Be2 Rb8 15. O-O
Bb7 16. Be1 Bc6 17. Bd2 b4 18. axb4 axb4 19. Qe1 bxc3 20. Bxc3 Nb6 21. Bd1 Qd7
22. Bc2 Na4 23. Qh4 g6 24. Bxa4 Bxa4 25. g4 Bc2 26. g5 f5 27. Ne5 Bxe5 28. dxe5
Ra8 29. Qf2 Bd3 30. Rfc1 Qb7 31. Bd4 Rxa1 32. Rxa1 Ra8 33. Qe1 Ra6 34. Kf2 c3
35. Bxc3 Qb3 36. Rxa6 Bxa6 37. Bd4 Qc4 38. Kg3 Qf1 39. Qxf1 Bxf1 40. Kf2 Ba6 41.
Ke1 Kf7 42. Kd2 Ke7 1/2-1/2

[Event "XVIII MIEDZYNARODOWY FESTIWAL SZACHOWY PERLA BALTYKU - GRUPA A (FIDE min. 1700)"]
[Site "LAZY"]
[Date "1899-12-30"]
[Round "8.6"]
[White "Kejna, Piotr"]
[Black "Zabron, Maksym"]
[Result "1/2-1/2"]
[WhiteTitle "CM"]
[BlackTitle "I++"]
[WhiteElo "1970"]
[BlackElo "1947"]

1. e4 c6 2. d4 d5 3. Nc3 dxe4 4. Nxe4 Nf6 5. Nxf6+ exf6 6. c3 Bd6 7. Bd3 O-O 8.
Qc2 Re8+ 9. Ne2 h5 10. O-O h4 11. h3 Nd7 12. Bf4 Nf8 13. Bxd6 Qxd6 14. Rfe1 Be6
15. Rad1 Re7 16. Nc1 Rae8 17. Re3 g5 18. Qe2 Kg7 19. Re1 Ng6 20. Bxg6 fxg6 21.
Nb3 b6 22. Nd2 Kf7 23. Ne4 Qd7 24. Qf3 Bf5 25. Nd2 Qd5 26. Rxe7+ Rxe7 27. Rxe7+
Kxe7 28. Qxd5 cxd5 29. f3 Bd7 30. Nf1 f5 1/2-1/2

[Event "XVIII MIEDZYNARODOWY FESTIWAL SZACHOWY PERLA BALTYKU - GRUPA A (FIDE min. 1700)"]
[Site "LAZY"]
[Date "1899-12-30"]
[Round "8.7"]
[White "Bancarewicz, Aleks"]
[Black "Ciszewski, Krzysztof"]
[Result "1/2-1/2"]
[WhiteTitle "I+"]
[BlackTitle "I++"]
[WhiteElo "1786"]
[BlackElo "2017"]

1. e4 c5 2. Nf3 d6 3. d4 cxd4 4. Nxd4 Nf6 5. Nc3 a6 6. Bg5 e6 7. f4 h6 8. Bh4 Qb6
9. a3 Be7 10. Bf2 Qc7 11. Qf3 Nc6 12. O-O-O Bd7 13. Rg1 Nxd4 14. Bxd4 Bc6 15.
Bd3 Rc8 16. g4 d5 17. e5 Nd7 18. Qf2 b5 19. Rde1 Bb7 20. f5 Nc5 21. Kb1 Nxd3 22.
cxd3 Bc5 23. Bxc5 Qxc5 24. Qxc5 Rxc5 25. d4 Rc4 26. Ne2 Ke7 27. b3 Rc7 28. Rc1
Rxc1+ 29. Rxc1 Rc8 30. Rf1 Rg8 31. h3 a5 32. f6+ gxf6 33. Rxf6 Rg6 34. Rf2 b4
35. axb4 axb4 36. Nf4 Rg8 37. Nd3 h5 38. gxh5 Rg3 39. Kc2 Rxh3 40. Nxb4 Rxh5 41.
Nd3 Rh6 42. Rf3 f6 43. Rxf6 Rxf6 44. exf6+ Kxf6 45. Kc3 Ba6 46. Ne5 Ke7 47. Kb4
Kd6 48. Ka5 Be2 49. Kb6 Bf1 50. Kb7 Bb5 51. Kc8 Be2 52. Kd8 Bh5 53. b4 Be2 54.
Kc8 Ba6+ 55. Kb8 Be2 56. Kb7 Bb5 57. Kb6 Be2 58. Ka5 Bf1 59. b5 Be2 60. b6 Bf1
61. Kb4 Ba6 62. Kc3 Ke7 63. Nd3 Kd6 64. Nc5 Be2 65. Nxe6 Kc6 66. Nf4 Bf3 67. Nxd5
Bxd5 1/2-1/2

[Event "XVIII MIEDZYNARODOWY FESTIWAL SZACHOWY PERLA BALTYKU - GRUPA A (FIDE min. 1700)"]
[Site "LAZY"]
[Date "1899-12-30"]
[Round "8.8"]
[White "Makhynia, Kostiantyn"]
[Black "Babiarz, Arkadiusz"]
[Result "1/2-1/2"]
[WhiteTitle "II"]
[BlackTitle "I++"]
[WhiteElo "1717"]
[BlackElo "2027"]

1. d4 d5 2. c4 e6 3. Nf3 c6 4. g3 dxc4 5. Bg2 b5 6. Ne5 Bb7 7. O-O Ne7 8. b3 cxb3
9. axb3 Nd7 10. Nd3 Nd5 11. Bb2 Be7 12. Nd2 O-O 13. Ne4 Qb6 14. Qc2 Nb4 15. Nxb4
Bxb4 16. Rfc1 Be7 17. Nc5 Nxc5 18. dxc5 Qc7 19. Qe4 Bf6 20. Bxf6 gxf6 21. Rd1
Rfd8 22. Qg4+ Kh8 23. Qh4 Kg7 24. Qg4+ Kh8 25. Qh4 Kg7 26. Qg4+ Kh8 1/2-1/2

[Event "XVIII MIEDZYNARODOWY FESTIWAL SZACHOWY PERLA BALTYKU - GRUPA A (FIDE min. 1700)"]
[Site "LAZY"]
[Date "1899-12-30"]
[Round "8.9"]
[White "Stepinski, Piotr"]
[Black "Gbiorczyk, Mikolaj"]
[Result "0-1"]
[WhiteTitle "I"]
[BlackTitle "I"]
[WhiteElo "1697"]
[BlackElo "1781"]

1. e4 c5 2. Nf3 e6 3. c3 Nf6 4. e5 Nd5 5. d4 cxd4 6. cxd4 b6 7. Be2 Bb7 8. O-O
Be7 9. Bd2 O-O 10. Nc3 d6 11. Rc1 Nd7 12. a3 dxe5 13. dxe5 Qb8 14. Nxd5 Bxd5 15.
Bf4 Qb7 16. Rc3 Rac8 17. Rxc8 Rxc8 18. Qd2 Nc5 19. Rc1 Ne4 20. Rxc8+ Qxc8 21.
Qd1 Bc5 22. Bg3 Qc7 23. b4 Bf8 24. Bd3 Qc3 25. Bxe4 Bxe4 26. Qe1 Qxe1+ 27. Nxe1
a5 28. f3 Bc6 29. Bf2 axb4 30. axb4 Bxb4 31. Nd3 Ba5 32. Be1 Bb5 33. Bxa5 bxa5
34. Nc5 a4 35. Kf2 a3 36. Nb3 Ba4 37. Na1 g5 38. Kg3 Kg7 39. f4 Kg6 40. Kf3 Bc6+
41. Kg3 gxf4+ 42. Kxf4 Bxg2 43. Kg4 h5+ 44. Kf4 a2 45. h4 Bc6 46. Nb3 Ba4 47.
Na1 Bd1 48. Ke4 Kg7 49. Ke3 f6 50. Ke4 f5+ 51. Kf4 Kf7 52. Ke3 Ke7 53. Kd2 Ba4
54. Ke3 Kd7 55. Kd3 Kc6 56. Kc4 Bd1 57. Kc3 Kd5 58. Kd2 Ba4 59. Kc1 Kxe5 60. Kb2
f4 0-1

[Event "XVIII MIEDZYNARODOWY FESTIWAL SZACHOWY PERLA BALTYKU - GRUPA A (FIDE min. 1700)"]
[Site "LAZY"]
[Date "1899-12-30"]
[Round "8.10"]
[White "Bochniak, Franciszek"]
[Black "Kotowicz, Kamil"]
[Result "1/2-1/2"]
[WhiteTitle "I+"]
[BlackTitle "I"]
[WhiteElo "1664"]
[BlackElo "1770"]

1. e4 e6 2. d3 d5 3. Nd2 Nf6 4. Ngf3 b6 5. e5 Nfd7 6. g3 c5 7. c3 Nc6 8. d4 Qc7
9. a3 Be7 10. Bd3 Bb7 11. O-O g5 12. b4 h5 13. b5 Na5 14. Bb2 c4 15. Be2 O-O-O
16. Re1 Rdg8 17. h3 g4 18. Nh2 h4 19. Bxg4 hxg3 20. fxg3 f5 21. exf6 Qxg3+ 22.
Kh1 Bxf6 23. Qf3 Qxf3+ 24. Ndxf3 Nf8 25. Bxe6+ Nxe6 26. Rxe6 Bd8 27. Rg1 Rxg1+
28. Nxg1 Nb3 29. Re2 Kb8 30. Kg2 Bc8 31. Ng4 Bc7 32. Nf3 Rg8 1/2-1/2

[Event "XVIII MIEDZYNARODOWY FESTIWAL SZACHOWY PERLA BALTYKU - GRUPA A (FIDE min. 1700)"]
[Site "LAZY"]
[Date "1899-12-30"]
[Round "8.11"]
[White "Galeziewski, Olaf"]
[Black "Kossowski, Pawel"]
[Result "0-1"]
[WhiteTitle "II+"]
[BlackTitle "I"]
[WhiteElo "1633"]
[BlackElo "1737"]

1. d4 Nf6 2. c4 e6 3. Nf3 Bb4+ 4. Bd2 Qe7 5. a3 Bxd2+ 6. Qxd2 a5 7. b3 d6 8. Nc3
O-O 9. e4 e5 10. Bd3 Bg4 11. d5 Na6 12. Qe3 Nc5 13. Bc2 Nh5 14. O-O Nf4 15. b4
Nd7 16. Nb5 c6 17. dxc6 bxc6 18. Nc3 Qe6 19. Bb3 Qh6 20. h4 Bxf3 21. Qxf3 Qxh4
22. g3 Qh3 23. Rfd1 axb4 24. axb4 Rxa1 25. Rxa1 Ne6 26. Ne2 Nf6 27. Rd1 Ng5 28.
Qg2 Qg4 29. Kf1 Nfxe4 30. b5 cxb5 31. cxb5 Nf3 32. b6 Ned2+ 0-1

[Event "XVIII MIEDZYNARODOWY FESTIWAL SZACHOWY PERLA BALTYKU - GRUPA A (FIDE min. 1700)"]
[Site "LAZY"]
[Date "1899-12-30"]
[Round "8.12"]
[White "Krasniewski, Maciej"]
[Black "Zeissel, Andrzej"]
[Result "0-1"]
[WhiteTitle "I"]
[BlackTitle "I"]
[WhiteElo "1737"]
[BlackElo "1624"]

1. d4 f5 2. c4 Nf6 3. Nf3 g6 4. e3 Bg7 5. b4 c6 6. Bb2 d5 7. Nbd2 O-O 8. cxd5 cxd5
9. Bd3 Nbd7 10. Qb3 e6 11. a4 Ne4 12. Rd1 g5 13. h3 Qf6 14. Nh2 h5 15. Bxe4 fxe4
16. O-O g4 17. hxg4 hxg4 18. Rde1 Qh4 19. Qd1 Nf6 20. Qe2 Kf7 21. g3 Qh3 22. f4
gxf3 23. Ndxf3 Qxg3+ 24. Kh1 exf3 25. Rxf3 Qh4 26. Rf4 Qh7 27. Qg2 Bd7 28. Ref1
Rac8 29. e4 Ke7 30. b5 Ke8 31. Rg1 Rh8 32. Qg6+ Qxg6 33. Rxg6 Nh5 34. Rf2 dxe4
35. Rg4 e3 36. Re2 e5 37. Rg5 exd4 38. Kg1 Kd8 39. Rxg7 Nxg7 40. Bxd4 Rg8 41.
Bf6+ Kc7 42. b6+ axb6 43. Be5+ Kc6 0-1

[Event "XVIII MIEDZYNARODOWY FESTIWAL SZACHOWY PERLA BALTYKU - GRUPA A (FIDE min. 1700)"]
[Site "LAZY"]
[Date "1899-12-30"]
[Round "8.13"]
[White "Hury, Tymoteusz"]
[Black "Borkowski, Szymon"]
[Result "1-0"]
[WhiteTitle "I"]
[BlackTitle "I"]
[WhiteElo "1679"]
[BlackElo "1715"]

1. e4 c5 2. Nc3 Nc6 3. f4 g6 4. Nf3 Bg7 5. Bb5 Nd4 6. O-O a6 7. Bd3 d6 8. Nxd4
Bxd4+ 9. Kh1 Nh6 10. Ne2 Bg7 11. c3 e6 12. Bc2 O-O 13. d4 b6 14. Qe1 Qc7 15. f5
Ng4 16. Qh4 exf5 17. exf5 Nf6 18. Bh6 Bb7 19. Nf4 cxd4 20. Bxg7 Kxg7 21. fxg6
hxg6 22. Qg5 Be4 23. Qxf6+ Kxf6 24. Nd5+ Kg7 25. Nxc7 Bxc2 26. Nxa8 Rxa8 27. cxd4
f5 28. Rac1 Be4 29. Kg1 Kf6 30. Kf2 Rh8 31. h3 Ke6 32. Rfd1 Kd5 33. Rc7 g5 34.
Rg7 Rc8 35. Rd2 g4 36. hxg4 fxg4 37. Rg5+ Kc4 38. Rxg4 Rf8+ 39. Ke3 d5 40. Rxe4
dxe4 41. Kxe4 Re8+ 42. Kf5 Kd5 43. g4 Rf8+ 44. Kg5 Rg8+ 45. Kf4 Rf8+ 46. Ke3 Re8+
47. Kf3 Rf8+ 48. Kg3 Rg8 49. a4 a5 50. Rf2 Kxd4 51. Rf6 Kc5 52. b3 Rb8 53. Rf5+
Kd6 54. g5 Ke6 55. Kg4 Rb7 56. g6 Rc7 57. Kg5 Rc3 58. Rf6+ Kd5 1-0

[Event "XVIII MIEDZYNARODOWY FESTIWAL SZACHOWY PERLA BALTYKU - GRUPA A (FIDE min. 1700)"]
[Site "LAZY"]
[Date "1899-12-30"]
[Round "8.14"]
[White "Hasinski, Krystian"]
[Black "Lecki, Leonard"]
[Result "0-1"]
[WhiteTitle "I++"]
[BlackTitle "II+"]
[WhiteElo "1714"]
[BlackElo "1658"]

1. c4 c6 2. e4 d5 3. cxd5 cxd5 4. exd5 Nf6 5. Bc4 Nxd5 6. Nc3 Nf6 7. d4 e6 8. Bf4
Be7 9. d5 exd5 10. Nxd5 Nxd5 11. Qxd5 O-O 12. Qxd8 Rxd8 13. Rd1 Bb4+ 14. Bd2 Bc5
15. Nf3 Nc6 16. O-O Bg4 17. Bc3 Bxf3 18. gxf3 Bd4 19. Bxd4 Nxd4 20. Kg2 Rac8 21.
Bd3 g6 22. Rfe1 Kg7 23. Bb1 Kf6 24. a3 b6 25. h3 h6 26. Rc1 g5 27. Be4 Rxc1 28.
Rxc1 Ne6 29. Rc2 Ke5 30. b4 Rd7 31. Rb2 Rc7 32. a4 Kd4 33. a5 Kc3 34. Rb1 b5 35.
Kg3 Rc4 36. Bd5 Rxb4 37. Rc1+ Kd4 38. Bxe6 fxe6 39. Rc7 Ra4 40. Rxa7 b4 41. Kg4
b3 42. Kh5 b2 43. Rb7 Kc3 44. a6 Rxa6 45. Kxh6 Ra5 46. Kg6 Rc5 47. Kh5 Kc2 48.
Kg4 b1=Q 49. Rxb1 Kxb1 50. f4 gxf4 51. Kxf4 Rf5+ 52. Kg3 Kc2 53. f4 Kd3 0-1

[Event "XVIII MIEDZYNARODOWY FESTIWAL SZACHOWY PERLA BALTYKU - GRUPA A (FIDE min. 1700)"]
[Site "LAZY"]
[Date "1899-12-30"]
[Round "8.15"]
[White "Pijewski, Milosz"]
[Black "Zareba, Piotr"]
[Result "1-0"]
[WhiteTitle "II"]
[BlackTitle "II"]
[WhiteElo "1496"]
[BlackElo "1708"]

1. d4 Nf6 2. c4 c5 3. d5 b5 4. cxb5 a6 5. e3 axb5 6. Bxb5 Ba6 7. Nc3 Bxb5 8. Nxb5
Qa5+ 9. Nc3 g6 10. Nf3 Bg7 11. O-O d6 12. h3 O-O 13. e4 Nbd7 14. Re1 Rfb8 15.
e5 dxe5 16. Nxe5 Nxe5 17. Rxe5 Rb7 18. Qe2 Raa7 19. Bg5 h6 20. Bh4 g5 21. Bg3
Ne8 22. Re3 Qb6 23. Re1 Nd6 24. Bxd6 Qxd6 25. Nb5 Rxb5 26. Qxb5 Rxa2 27. Rxe7
Qxd5 28. Qe8+ Bf8 29. Rd7 Qc6 30. Qxf7+ 1-0

[Event "XVIII MIEDZYNARODOWY FESTIWAL SZACHOWY PERLA BALTYKU - GRUPA A (FIDE min. 1700)"]
[Site "LAZY"]
[Date "1899-12-30"]
[Round "8.16"]
[White "Goral, Jan"]
[Black "Przybylski, Bartosz"]
[Result "1/2-1/2"]
[WhiteTitle "I"]
[BlackTitle "I"]
[WhiteElo "1700"]
[BlackElo "1679"]

1. d4 Nf6 2. Nf3 c5 3. d5 d6 4. c4 g6 5. Nc3 Bg7 6. e4 O-O 7. h3 b5 8. cxb5 a6
9. bxa6 Bxa6 10. Bxa6 Nxa6 11. O-O Qb6 12. Rb1 Nd7 13. Be3 Rfb8 14. Nd2 Nc7 15.
Qc2 Qa6 1/2-1/2

[Event "XVIII MIEDZYNARODOWY FESTIWAL SZACHOWY PERLA BALTYKU - GRUPA A (FIDE min. 1700)"]
[Site "LAZY"]
[Date "1899-12-30"]
[Round "8.17"]
[White "Kusiak, Mateusz"]
[Black "Sliz, Karol"]
[Result "1/2-1/2"]
[WhiteTitle "I+"]
[BlackTitle "II+"]
[WhiteElo "1693"]
[BlackElo "1615"]

1. e4 c6 2. d4 d5 3. Nd2 dxe4 4. Nxe4 Nd7 5. Nf3 Ngf6 6. Qd3 Nxe4 7. Qxe4 Nf6 8.
Qd3 e6 9. g3 Qc7 10. Bg2 Bd6 11. O-O O-O 12. Bg5 Nd7 13. Rad1 b6 14. Bc1 Bb7 15.
Nd2 Qc8 16. Ne4 Be7 17. Rfe1 c5 18. c3 cxd4 19. Qxd4 Nf6 20. Qa4 Nxe4 21. Bxe4
Bxe4 22. Rxe4 a6 23. Red4 b5 24. Qb3 Bc5 25. R4d3 Qc6 26. Bf4 Qb6 27. Be3 Bxe3
28. Rxe3 Rfd8 29. Red3 Rxd3 30. Rxd3 Rd8 31. Qd1 Rxd3 32. Qxd3 g6 33. Kg2 Qc6+
34. f3 Kg7 35. Qd4+ Kg8 36. Kf2 h5 37. Ke3 Kf8 38. Qb4+ Qd6 1/2-1/2

[Event "XVIII MIEDZYNARODOWY FESTIWAL SZACHOWY PERLA BALTYKU - GRUPA A (FIDE min. 1700)"]
[Site "LAZY"]
[Date "1899-12-30"]
[Round "8.18"]
[White "Sroka, Slawomir"]
[Black "Lonski, Aleksander"]
[Result "1/2-1/2"]
[WhiteTitle "I"]
[BlackTitle "II"]
[WhiteElo "1827"]
[BlackElo "1517"]

1. d4 d5 2. Nf3 Nf6 3. c4 c6 4. Nc3 e6 5. Bf4 Nbd7 6. cxd5 exd5 7. e3 Be7 8. Bd3
O-O 9. Qc2 h6 10. h3 a6 11. O-O c5 12. dxc5 Nxc5 13. Rad1 Be6 14. Bf5 Bd6 1/2-1/2

[Event "XVIII MIEDZYNARODOWY FESTIWAL SZACHOWY PERLA BALTYKU - GRUPA A (FIDE min. 1700)"]
[Site "LAZY"]
[Date "1899-12-30"]
[Round "9.2"]
[White "Rawicz, Karol"]
[Black "Gradalski, Olaf"]
[Result "1-0"]
[WhiteTitle "FM"]
[BlackTitle "k"]
[WhiteElo "2186"]
[BlackElo "2049"]

1. d4 Nf6 2. Nf3 e6 3. Bf4 b6 4. e3 Bb7 5. Nbd2 d5 6. Bd3 Nbd7 7. Ne5 Nxe5 8. Bxe5
Nd7 9. Bg3 g6 10. Qe2 Bg7 11. Nf3 O-O 12. h4 c5 13. c3 Qe7 14. h5 e5 15. dxe5
Nxe5 16. Bxe5 Bxe5 17. hxg6 hxg6 18. Nxe5 Qxe5 19. Qf3 Kg7 20. O-O-O Rh8 21. Bc4
dxc4 22. Qxb7 Qf6 23. Qf3 Rad8 24. Qxf6+ Kxf6 25. Rxh8 Rxh8 26. Kd2 Rh2 27. Rg1
Ke6 28. Ke2 b5 29. b3 Kd5 30. Rd1+ Kc6 31. bxc4 bxc4 32. Kf3 Rh8 33. Kf4 f6 34.
g4 Rh2 35. Rd2 a5 36. a4 Rh8 37. f3 Rh1 38. Rc2 Rf1 39. Rh2 Rc1 40. Rh6 g5+ 41.
Ke4 Rxc3 42. Rxf6+ Kb7 43. Kd5 Rc1 44. Kxc5 c3 45. Rf7+ Kc8 46. Kc4 c2 47. Kc3
Re1 48. Kxc2 Rxe3 49. Rf5 Ra3 50. Kd2 Rxa4 51. Rxg5 Ra3 52. Ke2 Kd7 53. Kf2 Ke6
54. Kg3 Kf6 55. Rf5+ Kg6 56. Kh4 Ra1 57. Rb5 Rh1+ 58. Kg3 Ra1 59. Rb6+ Kf7 60.
Kf4 Ra3 61. Ra6 a4 62. g5 Kg7 63. Kg4 Ra1 64. Kf5 a3 65. Ra7+ Kg8 66. Kg6 Kf8
67. Kf6 Ke8 68. g6 Rf1 69. Ra8+ Kd7 70. Rxa3 1-0

[Event "XVIII MIEDZYNARODOWY FESTIWAL SZACHOWY PERLA BALTYKU - GRUPA A (FIDE min. 1700)"]
[Site "LAZY"]
[Date "1899-12-30"]
[Round "9.3"]
[White "Kaliszuk, Kamil"]
[Black "Mulet, Piotr"]
[Result "1-0"]
[WhiteTitle "k"]
[BlackTitle "FM"]
[WhiteElo "2088"]
[BlackElo "2111"]

1. d4 Nf6 2. c4 g6 3. f3 d5 4. cxd5 Nxd5 5. e4 Nb6 6. Nc3 Bg7 7. Be3 O-O 8. Qd2
f5 9. e5 Nc6 10. O-O-O Nb4 11. Nh3 Be6 12. Kb1 Qd7 13. Nf4 Rad8 14. a3 N4d5 15.
Ncxd5 Nxd5 16. Nxe6 Qxe6 17. Bc4 f4 18. Bf2 c6 19. h4 Qf5+ 20. Qc2 Qxc2+ 21. Kxc2
h5 22. Rhg1 b5 23. Bd3 Kf7 24. g4 fxg3 25. Rxg3 Nf4 26. Be4 Bh6 27. Rdg1 Ne2 28.
Rxg6 Nxg1 29. e6+ 1-0

[Event "XVIII MIEDZYNARODOWY FESTIWAL SZACHOWY PERLA BALTYKU - GRUPA A (FIDE min. 1700)"]
[Site "LAZY"]
[Date "1899-12-30"]
[Round "9.4"]
[White "Kietrys, Maciej"]
[Black "Slawinski, Miroslaw"]
[Result "1/2-1/2"]
[WhiteTitle "I"]
[BlackTitle "k"]
[WhiteElo "1833"]
[BlackElo "2025"]

1. e4 c5 2. Nf3 d6 3. d3 Nc6 4. g3 g6 5. Bg2 Bg7 6. O-O Bg4 7. h3 Bd7 8. c3 Nf6
9. Re1 Qc8 10. Kh2 e5 11. Na3 h5 12. Nc4 Qc7 13. Bg5 Nh7 14. Qd2 Nxg5 15. Qxg5
Nd8 16. Ne3 Nc6 17. Rad1 Qd8 18. Nd5 O-O 19. Qd2 f5 20. Nh4 Kh7 21. exf5 gxf5
22. f4 Bh6 23. Qe2 Be8 24. Nxf5 Rxf5 25. Be4 Bg6 26. Bxf5 Bxf5 27. Qxh5 Bg6 28.
Qg4 Qf8 29. Rf1 Qg7 30. Qh4 Rf8 31. f5 Be8 32. f6 Qf7 33. g4 Rg8 34. g5 Rxg5 35.
Rg1 Qh5 36. f7 Qe2+ 37. Kh1 Bxf7 38. Nf6+ Kg6 39. Ne4 Qf3+ 40. Kh2 Qe2+ 41. Kh1
Qf3+ 1/2-1/2

[Event "XVIII MIEDZYNARODOWY FESTIWAL SZACHOWY PERLA BALTYKU - GRUPA A (FIDE min. 1700)"]
[Site "LAZY"]
[Date "1899-12-30"]
[Round "9.5"]
[White "Zabron, Maksym"]
[Black "Betkowski, Andrzej"]
[Result "1-0"]
[WhiteTitle "I++"]
[BlackTitle "k"]
[WhiteElo "1947"]
[BlackElo "2063"]

1. Nf3 g6 2. d4 Bg7 3. e4 d6 4. Nc3 a6 5. a4 e6 6. Bd3 Ne7 7. O-O Nd7 8. Be3 b6
9. Qd2 h6 10. Ne2 Bb7 11. c4 Nf6 12. d5 e5 13. h3 g5 14. Ng3 Bc8 15. Qc2 Ng6 16.
b4 Nf4 17. c5 Bd7 18. Nd2 bxc5 19. bxc5 h5 20. Nc4 h4 21. Ne2 N6h5 22. cxd6 Nxh3+
23. gxh3 Bxh3 24. dxc7 Qd7 25. f3 Qxc7 26. Nb6 Qxc2 27. Bxc2 Bxf1 28. Rxf1 Rb8
29. a5 Ng3 30. Ba4+ Kd8 31. Nxg3 hxg3 32. Kg2 Rh2+ 33. Kxg3 Ra2 34. Rc1 f6 35.
d6 1-0

[Event "XVIII MIEDZYNARODOWY FESTIWAL SZACHOWY PERLA BALTYKU - GRUPA A (FIDE min. 1700)"]
[Site "LAZY"]
[Date "1899-12-30"]
[Round "9.6"]
[White "Krainski, Aleksander"]
[Black "Bancarewicz, Aleks"]
[Result "0-1"]
[WhiteTitle "FM"]
[BlackTitle "I+"]
[WhiteElo "2053"]
[BlackElo "1786"]

1. d4 Nf6 2. Nf3 g6 3. g3 Bg7 4. Bg2 c5 5. dxc5 Qa5+ 6. Nbd2 Qxc5 7. Nb3 Qc7 8.
O-O O-O 9. Bf4 d6 10. Qc1 e5 11. Bd2 d5 12. c4 d4 13. e3 dxe3 14. Bxe3 Nc6 15.
Rd1 Bf5 16. h3 Rad8 17. Qc3 Ne4 18. Qe1 Nd6 19. Rac1 e4 20. Nfd4 Ne5 21. c5 Ndc4
22. g4 Bd7 23. Qe2 Nxe3 24. Qxe3 f5 25. c6 Nxc6 26. Nb5 Qe5 27. Nc5 Bc8 28. Nc3
f4 0-1

[Event "XVIII MIEDZYNARODOWY FESTIWAL SZACHOWY PERLA BALTYKU - GRUPA A (FIDE min. 1700)"]
[Site "LAZY"]
[Date "1899-12-30"]
[Round "9.7"]
[White "Gbiorczyk, Mikolaj"]
[Black "Ciszewski, Krzysztof"]
[Result "1-0"]
[WhiteTitle "I"]
[BlackTitle "I++"]
[WhiteElo "1781"]
[BlackElo "2017"]

1. d4 Nf6 2. c4 g6 3. Nc3 Bg7 4. e4 d6 5. Nge2 O-O 6. Ng3 e5 7. d5 Nbd7 8. Be2
a5 9. h4 h5 10. Bg5 Re8 11. Qd2 Nf8 12. f3 N8h7 13. Be3 Nd7 14. O-O-O Bf6 15.
Rdg1 Bxh4 16. Nxh5 gxh5 17. g4 Bg5 18. Bxg5 Nxg5 19. Rxh5 f6 20. Rgh1 Nf8 21.
Rh8+ Kg7 22. Nb5 Bd7 23. f4 exf4 24. Qxf4 Rxe4 25. Qh2 Kf7 26. Bd3 Re5 27. Qh6
Ke7 28. Qg7+ Nf7 29. R1h6 Rg5 30. Qxf6+ Ke8 31. Nxc7+ Qxc7 32. R6h7 Bxg4 33. Qxg5
Nxg5 34. Rxc7 Bd7 35. Rxf8+ Kxf8 36. Rxd7 Nf7 37. Rxb7 Rc8 38. b3 Ne5 39. Bf5
Rc5 40. Kb2 a4 41. Ka3 axb3 42. axb3 Ra5+ 43. Kb4 Ra1 44. Kb5 Rf1 45. Be6 Rb1
46. b4 Nd3 47. Kc6 Rc1 48. Kxd6 Rxc4 49. b5 Nc5 50. Rb8+ Kg7 51. b6 Na6 52. Rg8+
Kf6 53. Rf8+ Kg7 54. Rc8 Rb4 55. Kc6 Rb1 56. d6 Rc1+ 57. Kb5 Ra1 58. d7 1-0

[Event "XVIII MIEDZYNARODOWY FESTIWAL SZACHOWY PERLA BALTYKU - GRUPA A (FIDE min. 1700)"]
[Site "LAZY"]
[Date "1899-12-30"]
[Round "9.8"]
[White "Kossowski, Pawel"]
[Black "Kejna, Piotr"]
[Result "1/2-1/2"]
[WhiteTitle "I"]
[BlackTitle "CM"]
[WhiteElo "1737"]
[BlackElo "1970"]

1. e4 d6 2. d4 Nf6 3. Nc3 g6 4. f4 Bg7 5. Nf3 O-O 6. Bd3 Na6 7. O-O c5 8. d5 Nc7
9. a4 a6 10. Qe1 Bd7 11. Qh4 b5 12. axb5 axb5 13. Rxa8 Qxa8 14. f5 c4 15. Be2
Qa7+ 16. Kh1 Nce8 17. Bh6 Bxh6 18. Qxh6 b4 19. Nd1 Nxe4 20. fxg6 fxg6 21. Bxc4
Rf5 22. Qh4 N8f6 23. Bd3 g5 24. Nxg5 Rxg5 25. Bxe4 Rg4 26. Bxh7+ Kg7 27. Qe1 Bb5
28. Bd3 Bxd3 29. cxd3 Kf8 30. Nf2 Rf4 31. Ne4 Rxf1+ 32. Qxf1 Qd4 33. b3 Kg7 34.
Ng3 Qxd5 35. Qd1 Kf8 36. h3 Nd7 37. Ne4 Ne5 38. Nf2 Qd4 39. Kg1 Ke8 40. Kf1 Nd7
41. Qh5+ Kd8 42. Qa5+ Ke8 43. g4 Nc5 44. Qa8+ Kf7 45. Qf3+ Kg7 46. Qf5 1/2-1/2

[Event "XVIII MIEDZYNARODOWY FESTIWAL SZACHOWY PERLA BALTYKU - GRUPA A (FIDE min. 1700)"]
[Site "LAZY"]
[Date "1899-12-30"]
[Round "9.9"]
[White "Zeissel, Andrzej"]
[Black "Hury, Tymoteusz"]
[Result "0-1"]
[WhiteTitle "I"]
[BlackTitle "I"]
[WhiteElo "1624"]
[BlackElo "1679"]

1. e4 e5 2. Nf3 Nc6 3. d4 exd4 4. Bc4 Nf6 5. e5 d5 6. Bb5 Ne4 7. Nxd4 Bd7 8. Bxc6
bxc6 9. O-O Bc5 10. f3 Ng5 11. Be3 Bb6 12. f4 Ne4 13. Nd2 Nxd2 14. Qxd2 c5 15.
Nf3 d4 16. Bf2 Bc6 17. Bh4 Qd7 18. f5 Qxf5 19. e6 f6 20. Rae1 Qd5 21. e7 g5 22.
Bg3 Kd7 23. b3 Rae8 24. c4 dxc3 25. Qxc3 Kc8 26. Qxf6 g4 27. Re5 c4+ 28. Bf2 Qd7
29. Bxb6 axb6 30. Nh4 Rhg8 31. bxc4 g3 32. h3 Qd4+ 33. Kh1 Qd7 34. Rfe1 Qxh3+
35. Kg1 Qh2+ 36. Kf1 Bxg2+ 37. Nxg2 Qh1+ 38. Ke2 Qxg2+ 39. Kd3 Qh3 40. Qf3 Qd7+
41. Kc3 Qa4 42. Qg2 Rg4 43. Qh3 Qxc4+ 44. Kb2 Kb8 45. Qh5 Qb4+ 46. Ka1 Qc3+ 47.
Kb1 Rb4# 0-1

[Event "XVIII MIEDZYNARODOWY FESTIWAL SZACHOWY PERLA BALTYKU - GRUPA A (FIDE min. 1700)"]
[Site "LAZY"]
[Date "1899-12-30"]
[Round "9.10"]
[White "Babiarz, Arkadiusz"]
[Black "Bochniak, Franciszek"]
[Result "1-0"]
[WhiteTitle "I++"]
[BlackTitle "I+"]
[WhiteElo "2027"]
[BlackElo "1664"]

1. a3 e5 2. c4 b6 3. e3 Bb7 4. d4 exd4 5. exd4 Nf6 6. Nf3 d5 7. Nc3 Bd6 8. Bg5
Qe7+ 9. Be2 dxc4 10. O-O O-O 11. Bxc4 Nbd7 12. Re1 Qd8 13. Ne5 Be7 14. Qe2 Bd6
15. Nd5 h6 16. Nxd7 Qxd7 17. Bxf6 Bxd5 18. Bxd5 Rae8 19. Qf3 gxf6 20. Bc6 Rxe1+
21. Rxe1 Qd8 22. Re4 Be7 23. Rg4+ Kh7 24. Qf5+ Kh8 25. Be4 1-0